Hobbit Meals - Statistics

General Stats
  • This quiz has been taken 38 times
  • The average score is 6 of 7
Answer Stats
Time Answer % Correct
7AM Breakfast
100%
6PM Dinner
100%
9AM Second Breakfast
100%
9PM Supper
83%
3PM Afternoon Tea
80%
11AM Elevenses
60%
1PM Luncheon
60%
No matching quizzes found
Score Distribution
Percent of People with Each Score
Percentile by Number Answered
Your Score History
You have not taken this quiz